|
|
|
|
| LEADER |
00000nab a2200000 a 4500 |
| 001 |
vtls008984471 |
| 003 |
SK-MaSNL |
| 005 |
20260304211055.0 |
| 008 |
250505c2006 xo |||||||||||000 b|slo |
| 015 |
|
|
|a SNBRB2007/04
|2 snkbucl
|
| 035 |
|
|
|a (uuid)75e00ea2-9082-40ab-948e-109d03b780de
|
| 035 |
|
|
|a urn:nbn:sk:snk-ab2dkn
|
| 035 |
|
|
|a (urnnbn)urn:nbn:sk:snk:ar-a027k8
|
| 038 |
|
|
|a SNKBUCL
|
| 040 |
|
|
|a SNKBUCL
|b slo
|c SNKBUCL
|e AACR2
|
| 041 |
0 |
|
|a cze
|b eng
|
| 044 |
|
|
|a xo
|c SK
|
| 080 |
|
|
|a 636.2.082.2
|2 1997
|
| 080 |
|
|
|a 636.2.033
|2 1997
|
| 080 |
|
|
|a 636.082.2
|2 1997
|
| 080 |
|
|
|a 591.15
|2 1997
|
| 245 |
0 |
0 |
|a Posouzení interakce genotyp x prostředí u masného skotu
|c L. Vostrý ... [et al.]
|
| 246 |
3 |
1 |
|a Examination of the genotype x environment interaction for the beef cattle
|
| 300 |
|
|
|b Tab.
|
| 504 |
|
|
|a Bibliogr. odkazy
|
| 546 |
|
|
|a Res. angl.
|
| 650 |
0 |
7 |
|a hovädzí dobytok
|2 snkbucl
|9 2818
|
| 650 |
0 |
7 |
|a genotyp
|2 snkbucl
|9 19992
|
| 650 |
0 |
7 |
|a prostredie
|2 snkbucl
|9 995527
|
| 650 |
0 |
7 |
|a plemenná hodnota
|2 snkbucl
|9 1434517
|
| 650 |
0 |
7 |
|a hmotnosť
|2 snkbucl
|9 22106
|
| 700 |
1 |
|
|a Vostrý, Luboš
|4 aut
|9 804846
|
| 700 |
1 |
|
|a Jakubec, V.
|4 aut
|9 974894
|
| 700 |
1 |
|
|a Přibyl, J.
|4 aut
|9 772896
|
| 700 |
1 |
|
|a Veselá, Zdeňka,
|d 1930-1998
|4 aut
|9 694552
|
| 700 |
1 |
|
|a Majzlík, I.
|4 aut
|9 787879
|
| 773 |
0 |
|
|t Acta fytotechnica et zootechnica : výber príspevkov z medzinárodnej vedeckej konferencie XXII. Dni genetiky konanej 12.-14. septembra 2006
|g Roč. 9, mimoriadne číslo (2006), s. 96-98
|x 1335-258X
|
| 850 |
|
|
|a Slovenská národná knižnica
|
| 852 |
|
|
|a Slovenská národná knižnica
|
| 958 |
|
|
|a article27
|
| 958 |
|
|
|a NB
|
| 958 |
|
|
|a OND
|
| 958 |
|
|
|a EUIPO
|
| 999 |
|
|
|c 3128362
|d 3130292
|